00311 a2200109 4500082001000000100002900010245005600039260004600095300002200141500001900163650001900182 a492.7 aAbdur Rehman Tahir Surti aArbi sekhiay (Urdu)cAbdur Rehman Tahir SurtihBook aIslamabad: ,bMuqtedara Qomi Zubanc1998. a419 p. ;c 24 cm. aIncludes Index aArabic Grammar